Klicke zum Übersetzen - Latein - Statistiken

Allgemein
  • Dieses Quiz wurde 211 mal gespielt
  • Das Durchschnittsergebnis liegt bei 15 aus 20
Antwortstatistiken
Hint Antwort % Korrekt
Wasser Aqua
96%
Erde Terra
94%
Wolf Lupus
90%
Meer Mare
88%
Lehrer Magister
86%
Königin Regina
86%
Hundert Centum
85%
Mutter Mater
83%
Haus Domus
82%
Wahrheit Veritas
79%
Immer Semper
77%
Was Quid
76%
Also Ergo
75%
Stimme Vox
75%
Glauben Credere
72%
Das Hoc
71%
Langsam Lente
68%
Über Supra
63%
Geizig Avarus
41%
Blau Caeruleum
33%
Keine übereinstimmenden Quizze gefunden
Verteilung der Resultate
Anzahl Personen mit jedem Resultat
Perzentil nach korrekt beantworteten Fragen
Ihre Resultats-Entwicklung
Sie haben dieses Quiz noch nicht gespielt